Localización y diseño de planta en una industria química- alimenticia
Na minha lista:
| Autor principal: | |
|---|---|
| Outros Autores: | |
| Formato: | Livro |
| Publicado em: |
San José, C.R.
2001
|
| Assuntos: | |
| Tags: |
Adicionar Tag
Sem tags, seja o primeiro a adicionar uma tag!
|
MARC
| LEADER | 00000nam a2200000Ia 4500 | ||
|---|---|---|---|
| 003 | 008697 | ||
| 005 | 20221231144203.0 | ||
| 008 | 140114s2001 cr a m 000 ||s d | ||
| 040 | |c cru CEDI | ||
| 090 | |a TFG 4288 | ||
| 100 | |a Gray Meza, Floyd |9 7847 | ||
| 245 | |a Localización y diseño de planta en una industria química- alimenticia | ||
| 260 | |c 2001 |a San José, C.R. | ||
| 300 | |a xvi, 188, [125] hojas : ilustraciones a color | ||
| 500 | |a Proyecto de graduación (licenciatura en ingeniería industrial)--Universidad de Costa Rica. Facultad de Ingeniería. Escuela de Ingeniería Industrial | ||
| 650 | |x REINGENIERIA (ADMINISTRACION) |x INDUSTRIAS QUIMICAS |x ADMINISTRACION INDUSTRIAL |x CAMBIO ORGANIZACIONAL |x TECNOLOGIA DE ALIMENTOS |x CONTROL DE PROCESOS QUIMICOS |9 7849 | ||
| 700 | |9 7848 |a Martínez Chacón, Arlene | ||
| 942 | |c TFG | ||
| 999 | |c 18149 |d 18149 | ||
